[Event "VI Open"]
[Site "Crema ITA"]
[Date "2004.09.03"]
[Round "2"]
[White "Biava, Pierluigi"]
[Black "Cammarota, Vittorio"]
[Result "0-1"]
[WhiteElo "1706"]
[BlackElo "1625"]
[PlyCount "84"]
[EventDate "2004.09.03"]

1. e4 e6 2. Qe2 c5 3. g3 Nc6 4. Nf3 Qc7 5. d3 b5 6. Na3 a6 7. Bg2 d6 8. c3 Rb8
9. Bd2 Nf6 10. O-O e5 11. Nc2 Be7 12. Ne3 O-O 13. Rfc1 Qa7 14. Nh4 g6 15. Rc2
a5 16. f4 exf4 17. Nd5 fxg3 18. hxg3 Nxd5 19. exd5 Ne5 20. Rf1 Bxh4 21. gxh4
Bf5 22. Be4 Bg4 23. Qf2 f5 24. Bh6 Rf7 25. d4 fxe4 26. dxe5 Rxf2 27. Rcxf2 Bf3
28. e6 Qa8 29. Rd2 c4 30. Kh2 b4 31. h5 bxc3 32. bxc3 a4 33. hxg6 hxg6 34. Kg3
a3 35. Bf4 Rb2 36. Rd4 Rg2+ 37. Kh3 Qb7 38. Rxf3 exf3 39. Bxd6 Re2 40. e7 Qd7+
41. Kg3 Qxd6+ 42. Kxf3 Rxe7 0-1

[Event "VI Open"]
[Site "Crema ITA"]
[Date "2004.09.03"]
[Round "2"]
[White "Boninsegna, Ferdinando"]
[Black "Borboni, Paolo"]
[Result "0-1"]
[WhiteElo "1571"]
[BlackElo "1705"]
[PlyCount "86"]
[EventDate "2004.09.03"]

1. e4 d6 2. d4 Nf6 3. Nc3 c6 4. f4 Qa5 5. Bd3 Bg4 6. Nf3 e5 7. Bd2 exd4 8. Nb5
Qb6 9. Nxd6+ Bxd6 10. e5 Bb4 11. exf6 Bxd2+ 12. Qxd2 Bxf3 13. gxf3 O-O 14. fxg7
Re8+ 15. Kf2 Nd7 16. Rhg1 Nf6 17. f5 c5 18. Rg3 Rad8 19. b3 Re5 20. Rag1 Re3
21. Rh3 Rde8 22. Rgg3 Qc6 23. Qc1 b5 24. Qg1 c4 25. bxc4 bxc4 26. Bf1 Qa4 27.
Qg2 Qxc2+ 28. Kg1 Qxg2+ 29. Rxg2 d3 30. Rd2 Re1 31. Kf2 c3 32. Rxd3 c2 33. Rc3
c1=Q 34. Rxc1 Rxc1 35. Rg3 Rc2+ 36. Kg1 Rxa2 37. h4 Re1 38. f4 Raa1 39. Rf3
Rxf1+ 40. Rxf1 Rxf1+ 41. Kxf1 Kxg7 42. Kf2 Nh5 43. Ke3 Kf6 0-1

[Event "VI Open"]
[Site "Crema ITA"]
[Date "2004.09.03"]
[Round "2"]
[White "Bonugli, Carlo"]
[Black "Gromovs, Sergejs"]
[Result "0-1"]
[WhiteElo "2046"]
[BlackElo "2341"]
[PlyCount "72"]
[EventDate "2004.09.03"]

1. e4 c5 2. Nc3 Nc6 3. g3 g6 4. Bg2 Bg7 5. d3 e6 6. Be3 Nd4 7. Nce2 Ne7 8. c3
Nxe2 9. Nxe2 d6 10. O-O O-O 11. f4 f5 12. Qd2 Rb8 13. h3 b5 14. g4 b4 15. d4
bxc3 16. bxc3 Qc7 17. Ng3 Ba6 18. Rfd1 Bc4 19. Qf2 fxg4 20. hxg4 cxd4 21. cxd4
d5 22. f5 Rb4 23. Bg5 h6 24. Bxe7 Qxe7 25. exd5 exd5 26. Rd2 Qg5 27. Bf3 h5 28.
Qg2 h4 29. Nf1 Kh8 30. Rad1 gxf5 31. gxf5 Qxf5 32. Nh2 Rb1 33. Bg4 Rxd1+ 34.
Rxd1 Qf4 35. Nf3 Rg8 36. Rd2 Bh6 0-1

[Event "VI Open"]
[Site "Crema ITA"]
[Date "2004.09.03"]
[Round "2"]
[White "Bozuffi, Italo"]
[Black "Acunzo, Domenico"]
[Result "0-1"]
[WhiteElo "1739"]
[BlackElo "1732"]
[PlyCount "124"]
[EventDate "2004.09.03"]

1. f4 d5 2. Nf3 Nf6 3. e3 g6 4. b3 Bg7 5. Bb2 O-O 6. Be2 c5 7. c3 Nc6 8. d4
cxd4 9. cxd4 Ne4 10. O-O e6 11. Nbd2 f5 12. Nxe4 fxe4 13. Ne5 Bd7 14. Ba3 Re8
15. Rc1 Bf8 16. Bxf8 Rxf8 17. Nxc6 Bxc6 18. Qd2 Qe7 19. b4 a6 20. Rc5 g5 21. g3
gxf4 22. exf4 Rac8 23. Rfc1 Rc7 24. Bxa6 Rfc8 25. Be2 b6 26. R5c2 Ba4 27. Rxc7
Rxc7 28. Rxc7 Qxc7 29. a3 Qc6 30. h4 Kf7 31. Kh2 b5 32. g4 Bb3 33. g5 Bc4 34.
Qc3 Qb6 35. Bd1 Qa7 36. Kg3 Kg7 37. h5 Qe7 38. a4 bxa4 39. Bxa4 Qa7 40. h6+ Kf7
41. Bc2 Qa6 42. Kf2 Kg6 43. Ke3 Bf1 44. Bd1 Bc4 45. Qb2 Kf7 46. Be2 Bxe2 47.
Qxe2 Qa3+ 48. Kf2 Qxb4 49. Qe3 Qb2+ 50. Kg3 Qb1 51. Kg2 Qd1 52. Kg3 Kg6 53. Kf2
Qg4 54. Qg3 Qd1 55. Qe3 Qc2+ 56. Kg3 Kf5 57. Qf2 Qd3+ 58. Kh4 Kg6 59. Kg4 e3
60. Qh2 Qd1+ 61. Kg3 e2 62. Kg2 Qf1+ 0-1

[Event "VI Open"]
[Site "Crema ITA"]
[Date "2004.09.03"]
[Round "2"]
[White "Castrogiovanni, Carlo"]
[Black "Casartelli, Fabio"]
[Result "1-0"]
[WhiteElo "2109"]
[BlackElo "1811"]
[PlyCount "113"]
[EventDate "2004.09.03"]

1. Nf3 d5 2. c4 e6 3. g3 g6 4. Bg2 Bg7 5. O-O Ne7 6. d4 O-O 7. b3 Nd7 8. Bb2
Nf5 9. Nbd2 c5 10. e3 Rb8 11. Qc2 cxd4 12. exd4 Re8 13. Rac1 Nb6 14. c5 Na8 15.
b4 Bd7 16. a4 b5 17. c6 Bc8 18. c7 Nxc7 19. Qxc7 Qxc7 20. Rxc7 bxa4 21. Bc3 Ba6
22. Rc1 a3 23. Rxa7 Ra8 24. Rxa8 Rxa8 25. Bf1 Bxf1 26. Kxf1 Bh6 27. Ra1 Nd6 28.
Ra2 Nb5 29. Ba1 Ra4 30. Nb1 Bf8 31. Nc3 Rxb4 32. Nxb5 Rxb5 33. Ke2 f6 34. Ne1
Kf7 35. Nd3 g5 36. h3 Rb1 37. Bc3 Kg6 38. Nc5 e5 39. Rxa3 Rb5 40. Ra5 Rxa5 41.
Bxa5 exd4 42. Ne6 Bd6 43. Kd3 f5 44. Kxd4 h5 45. Kxd5 Bb8 46. Bd2 h4 47. gxh4
gxh4 48. Bf4 Ba7 49. f3 Bf2 50. Ke5 Bg3 51. Nd4 Be1 52. Nxf5 Kh5 53. Be3 Kg6
54. Kf4 Kh5 55. Ng7+ Kg6 56. Bd4 Bd2+ 57. Kg4 1-0

[Event "VI Open"]
[Site "Crema ITA"]
[Date "2004.09.03"]
[Round "2"]
[White "Christen, Peter Walter"]
[Black "Mansueti, Marco"]
[Result "0-1"]
[WhiteElo "1487"]
[BlackElo "1694"]
[PlyCount "58"]
[EventDate "2004.09.03"]

1. e4 d6 2. d4 Nf6 3. Nc3 c6 4. Nf3 Bg4 5. Be2 Nbd7 6. O-O e5 7. Re1 Be7 8. Bg5
h6 9. Be3 O-O 10. dxe5 dxe5 11. Nd2 Be6 12. Bc4 Bxc4 13. Nxc4 b5 14. Nd2 Qc7
15. Ne2 Ng4 16. Ng3 Nxe3 17. Rxe3 Bc5 18. Rf3 g6 19. Qe2 Rfe8 20. Rd1 Nf8 21.
Ndf1 Ne6 22. Qd2 Rad8 23. Qe1 Nd4 24. Rfd3 Nxc2 25. Rxd8 Rxd8 26. Rxd8+ Qxd8
27. Qc1 Qd3 28. Nf5 gxf5 29. Qxh6 fxe4 0-1

[Event "VI Open"]
[Site "Crema ITA"]
[Date "2004.09.03"]
[Round "2"]
[White "Cocozza, Mario"]
[Black "Vecchia, Mario"]
[Result "1-0"]
[WhiteElo "2338"]
[BlackElo "2073"]
[PlyCount "43"]
[EventDate "2004.09.03"]

1. e4 d5 2. exd5 Nf6 3. c4 e6 4. Qa4+ Bd7 5. Qb3 Na6 6. d4 Bb4+ 7. Nc3 Qe7 8.
Be3 exd5 9. c5 b5 10. Nf3 O-O 11. Ne5 c6 12. Be2 Ne4 13. Nxd7 Qxd7 14. O-O Bxc3
15. bxc3 Nc7 16. Bd3 Rfe8 17. Rae1 h6 18. Qc2 a5 19. f3 Nf6 20. Qf2 Ne6 21. Qg3
Nh5 22. Qh4 1-0

[Event "VI Open"]
[Site "Crema ITA"]
[Date "2004.09.03"]
[Round "2"]
[White "Damia, Angelo"]
[Black "Franco, Antonello"]
[Result "1-0"]
[WhiteElo "2129"]
[BlackElo "1829"]
[PlyCount "69"]
[EventDate "2004.09.03"]

1. e4 e5 2. Bc4 Bc5 3. Nc3 Nf6 4. f4 d6 5. Nf3 O-O 6. d3 a6 7. f5 c6 8. Bg5
Nbd7 9. Qe2 b5 10. Bb3 a5 11. a4 Qb6 12. axb5 cxb5 13. Nd5 Nxd5 14. Bxd5 Bb7
15. Ba2 a4 16. Bd2 b4 17. Bc4 Ra7 18. g4 Nf6 19. h3 Ba6 20. Bxa6 Rxa6 21. Kf1
Rfa8 22. Kg2 b3 23. cxb3 axb3 24. Rxa6 Rxa6 25. g5 Nd7 26. g6 hxg6 27. fxg6 d5
28. gxf7+ Kf8 29. exd5 Qg6+ 30. Ng5 Rf6 31. Rf1 Rxf1 32. Kxf1 Qf5+ 33. Kg2 Be7
34. Qh5 Bxg5 35. Bb4+ 1-0

[Event "VI Open"]
[Site "Crema ITA"]
[Date "2004.09.03"]
[Round "2"]
[White "Distratis, Gianluca"]
[Black "Agnelli, Francesco"]
[Result "0-1"]
[WhiteElo "1814"]
[BlackElo "2097"]
[PlyCount "66"]
[EventDate "2004.09.03"]

1. e4 c5 2. c3 Nf6 3. e5 Nd5 4. d4 cxd4 5. Bc4 Nb6 6. Bb3 e6 7. Nf3 Be7 8. cxd4
d5 9. Nc3 Bd7 10. O-O Nc6 11. a3 Rc8 12. Qd3 Na5 13. Ba2 a6 14. b3 O-O 15. Bb2
Nc6 16. Rac1 f5 17. exf6 Bxf6 18. Bb1 g6 19. Ne2 Qe7 20. Nf4 Rce8 21. g3 Nc8
22. h4 Nd6 23. Rfe1 Qf7 24. Ng5 Bxg5 25. hxg5 Ne4 26. Kg2 Nxg5 27. Rh1 Ne4 28.
Qe2 g5 29. Bxe4 dxe4 30. Rh5 gxf4 31. Rg5+ Kh8 32. d5+ e5 33. Qxe4 fxg3 0-1

[Event "VI Open"]
[Site "Crema ITA"]
[Date "2004.09.03"]
[Round "2"]
[White "Faraoni, Enrico"]
[Black "Corti, Massimo"]
[Result "1/2-1/2"]
[WhiteElo "2178"]
[BlackElo "1997"]
[PlyCount "42"]
[EventDate "2004.09.03"]

1. e4 e6 2. d4 d5 3. exd5 exd5 4. c4 c6 5. Nc3 Bb4 6. Bd3 Ne7 7. Nge2 Nd7 8.
O-O dxc4 9. Bxc4 Nb6 10. Bb3 O-O 11. Bg5 Kh8 12. Ne4 f6 13. Bd2 Bxd2 14. Qxd2
Ned5 15. Nc5 Re8 16. Rae1 Nd7 17. Nd3 Nf8 18. Nef4 Ne6 19. Nxe6 Bxe6 20. Nc5
Qc8 21. Bc2 Bf7 1/2-1/2

[Event "VI Open"]
[Site "Crema ITA"]
[Date "2004.09.03"]
[Round "2"]
[White "Ferrero, Oscar"]
[Black "Milan, Paolo"]
[Result "0-1"]
[WhiteElo "1699"]
[BlackElo "1757"]
[PlyCount "94"]
[EventDate "2004.09.03"]

1. e4 c5 2. d3 Nc6 3. g3 d6 4. Bg2 e5 5. c3 Be7 6. Nf3 Bg4 7. h3 Be6 8. Na3 Qd7
9. Ng5 Bxg5 10. Bxg5 f6 11. Be3 Nge7 12. f4 g6 13. Qe2 O-O 14. g4 a6 15. f5 Bf7
16. Nc4 Qc7 17. Bh6 Rfe8 18. Ne3 b5 19. g5 c4 20. gxf6 cxd3 21. Qxd3 Nc8 22.
Nd5 Qd8 23. Bg7 Nb6 24. b3 b4 25. Nxb6 Qxb6 26. Qd2 bxc3 27. Qh6 Ra7 28. Rf1
Qb4 29. Qe3 c2+ 30. Qd2 Qxd2+ 31. Kxd2 Nd4 32. Bh6 Rc8 33. Be3 Rac7 34. Bxd4
exd4 35. Rf3 c1=Q+ 36. Rxc1 Rxc1 37. Kd3 R1c3+ 38. Kxd4 Rxf3 39. Bxf3 Rc2 40.
Bg4 Rxa2 41. fxg6 hxg6 42. b4 Rb2 43. Kc3 Rb3+ 44. Kd2 Rxb4 45. Ke3 a5 46. Kd3
a4 47. Bd1 a3 0-1

[Event "VI Open"]
[Site "Crema ITA"]
[Date "2004.09.03"]
[Round "2"]
[White "Martino, Antonio M."]
[Black "Calisi, Elia"]
[Result "1-0"]
[WhiteElo "2101"]
[BlackElo "1802"]
[PlyCount "47"]
[EventDate "2004.09.03"]

1. c4 e5 2. Nc3 Nf6 3. g3 g6 4. Bg2 Bg7 5. e4 c5 6. Nge2 Nc6 7. O-O O-O 8. d3
h6 9. h3 a6 10. Be3 d6 11. Qd2 Kh7 12. f4 exf4 13. Nxf4 Ne5 14. Nfd5 Nxd5 15.
Nxd5 f5 16. Rac1 fxe4 17. dxe4 Rxf1+ 18. Kxf1 Qf8+ 19. Ke2 Bxh3 20. Rf1 Bg4+
21. Ke1 Qh8 22. b3 Nf3+ 23. Bxf3 Be6 24. Rh1 1-0

[Event "VI Open"]
[Site "Crema ITA"]
[Date "2004.09.03"]
[Round "2"]
[White "Miladinovic, Igor"]
[Black "Pelagatti, Alessandro"]
[Result "1-0"]
[WhiteElo "2630"]
[BlackElo "2087"]
[PlyCount "51"]
[EventDate "2004.09.03"]

1. d4 g6 2. e4 Bg7 3. Nc3 d6 4. Be3 a6 5. Qd2 b5 6. h4 h6 7. h5 g5 8. f4 gxf4
9. Bxf4 Nd7 10. Nf3 c5 11. dxc5 Nxc5 12. e5 dxe5 13. Qxd8+ Kxd8 14. O-O-O+ Ke8
15. Nxe5 Ne6 16. Bg3 Nf6 17. Rh4 Bb7 18. a4 bxa4 19. Rb4 Bc8 20. Be2 a3 21. Bf3
axb2+ 22. Kxb2 Ra7 23. Rb8 Rc7 24. Bc6+ Kf8 25. Rd7 Nxd7 26. Nxd7+ 1-0

[Event "VI Open"]
[Site "Crema ITA"]
[Date "2004.09.03"]
[Round "2"]
[White "Milanesi, Erminio"]
[Black "Folcini, Gaddo"]
[Result "1-0"]
[WhiteElo "1634"]
[BlackElo "1400"]
[PlyCount "73"]
[EventDate "2004.09.03"]

1. e4 d5 2. exd5 Nf6 3. Nc3 e5 4. dxe6 Bxe6 5. a3 Bc5 6. Nf3 Ng4 7. d4 Bb6 8.
h3 Nf6 9. Bg5 O-O 10. Be2 Nbd7 11. O-O c6 12. Ne5 Qc7 13. Bf4 Nxe5 14. Bxe5 Qd7
15. Na4 Ne4 16. Nxb6 axb6 17. f3 f6 18. fxe4 fxe5 19. Rxf8+ Rxf8 20. dxe5 Bxh3
21. gxh3 Qxh3 22. Qd3 Qh4 23. Rf1 Qg5+ 24. Kh2 Re8 25. Rf5 Qh4+ 26. Qh3 Qxe4
27. Bd3 Qe1 28. Qxh7+ Kxh7 29. Rf1+ g6 30. Rxe1 Rf8 31. Kg3 Kg7 32. Bc4 g5 33.
e6 Re8 34. Rf1 b5 35. Ba2 c5 36. Rf7+ Kg8 37. Rxb7 1-0

[Event "VI Open"]
[Site "Crema ITA"]
[Date "2004.09.03"]
[Round "2"]
[White "Panizzi, Giuseppe"]
[Black "Faccio, Fabio"]
[Result "1-0"]
[WhiteElo "2091"]
[BlackElo "1811"]
[PlyCount "101"]
[EventDate "2004.09.03"]

1. d4 Nf6 2. Nf3 e6 3. Bg5 Be7 4. e3 d5 5. Bd3 c5 6. c3 Nbd7 7. Nbd2 b6 8. O-O
O-O 9. Ne5 Bb7 10. f4 Ne4 11. Bxe7 Qxe7 12. Ndf3 Nxe5 13. Nxe5 f6 14. Nf3 a5
15. Qe2 Rfd8 16. a4 Rac8 17. Qe1 Qf7 18. Qh4 f5 19. Ne5 Qf6 20. Qe1 cxd4 21.
exd4 Bc6 22. Rf3 Be8 23. Rh3 Rc7 24. Qe3 Kh8 25. Bb5 Bxb5 26. axb5 g5 27. fxg5
Qxg5 28. Qxg5 Nxg5 29. Rh6 Kg7 30. Rh4 Rg8 31. Re1 Kf6 32. Re3 Rcg7 33. Kf1 Ne4
34. g3 Nd6 35. Rh6+ Ke7 36. Nc6+ Kd7 37. Rexe6 Nxb5 38. Ne5+ Kc8 39. Rc6+ Nc7
40. Rxb6 f4 41. g4 Rf8 42. Kf2 a4 43. Kf3 Re7 44. h4 Rg7 45. g5 Re7 46. Rhc6
Rg7 47. Rb4 Re7 48. Rxa4 Kb7 49. Rb4+ Ka7 50. Rcb6 Ne6 51. Nc6+ 1-0

[Event "VI Open"]
[Site "Crema ITA"]
[Date "2004.09.03"]
[Round "2"]
[White "Pezzotta, Gianni"]
[Black "Carini, Luca"]
[Result "0-1"]
[WhiteElo "1438"]
[BlackElo "1625"]
[PlyCount "82"]
[EventDate "2004.09.03"]

1. d4 Nf6 2. c4 g6 3. Nc3 d5 4. Nf3 Bg7 5. Bg5 Ne4 6. Bf4 Nxc3 7. bxc3 O-O 8.
e3 c5 9. Be2 cxd4 10. cxd4 Qa5+ 11. Nd2 dxc4 12. Bxc4 Nc6 13. O-O e5 14. dxe5
Nxe5 15. Bb3 Bg4 16. f3 Bf5 17. e4 Be6 18. Bxe6 fxe6 19. Nb3 Qb6+ 20. Kh1 Rxf4
21. Rb1 Qd8 22. Qc2 Rc8 23. Qe2 Rf7 24. Rfd1 Rd7 25. f4 Nf7 26. e5 Rxd1+ 27.
Rxd1 Qb6 28. h3 Rd8 29. Rc1 Bf8 30. Rc4 Nh6 31. g4 Qb5 32. Kh2 Rc8 33. Nd2 Rxc4
34. Nxc4 Nf7 35. Qc2 Qc5 36. Kg3 b5 37. f5 Qxc4 38. Qf2 Qd3+ 39. Kg2 Qe4+ 40.
Kg1 Qxe5 41. fxg6 Bc5 0-1

[Event "VI Open"]
[Site "Crema ITA"]
[Date "2004.09.03"]
[Round "2"]
[White "Raffaldi, Fabrizio"]
[Black "Rizzi, Pietro"]
[Result "1-0"]
[WhiteElo "1736"]
[BlackElo "1450"]
[PlyCount "95"]
[EventDate "2004.09.03"]

1. e4 c6 2. d4 d5 3. e5 Bf5 4. Nc3 e6 5. g4 Bg6 6. Nge2 Bb4 7. Nf4 Be4 8. Bg2
Bxg2 9. Nxg2 Nd7 10. a3 Be7 11. b4 Qc7 12. b5 c5 13. Be3 cxd4 14. Bxd4 Nxe5 15.
O-O f6 16. f4 Nc4 17. Re1 O-O-O 18. Rxe6 Kb8 19. Rb1 Bc5 20. a4 b6 21. Ne2 Nh6
22. h3 Rhe8 23. Rxe8 Rxe8 24. Nc3 Rd8 25. Qd3 Bxd4+ 26. Qxd4 Qc5 27. Rd1 Qxd4+
28. Rxd4 Nf7 29. Nxd5 Nfd6 30. Nge3 Nxe3 31. Nxe3 Nb7 32. Rxd8+ Nxd8 33. Nd5
Ne6 34. Kf2 Nc5 35. Nc3 Kc7 36. Ke3 Kd7 37. f5 h6 38. Kd4 Kd6 39. h4 Nd7 40.
Ne4+ Ke7 41. Kd5 Nb8 42. c4 Nd7 43. c5 Kd8 44. c6 Ne5 45. g5 hxg5 46. hxg5 Ng4
47. gxf6 gxf6 48. Ke6 1-0

[Event "VI Open"]
[Site "Crema ITA"]
[Date "2004.09.03"]
[Round "2"]
[White "Saccani, Ettore"]
[Black "Bignami, Venanzio"]
[Result "1-0"]
[WhiteElo "1739"]
[BlackElo "1532"]
[PlyCount "49"]
[EventDate "2004.09.03"]

1. e4 e5 2. Nf3 Nc6 3. Bb5 a6 4. Ba4 d6 5. h3 Bd7 6. c3 h6 7. O-O Nf6 8. Re1 g5
9. d4 exd4 10. cxd4 Be7 11. Nc3 b5 12. Bb3 g4 13. e5 Nh5 14. exd6 cxd6 15. Nh2
g3 16. Qxh5 gxh2+ 17. Kxh2 Rh7 18. Bg5 d5 19. Nxd5 Qb8+ 20. Kg1 Qd6 21. Bxe7
Nxe7 22. Rxe7+ Kf8 23. Rae1 Be6 24. R1xe6 fxe6 25. Rxh7 1-0

[Event "VI Open"]
[Site "Crema ITA"]
[Date "2004.09.03"]
[Round "2"]
[White "Santandrea, Marco"]
[Black "Ficco, Corrado"]
[Result "0-1"]
[WhiteElo "1775"]
[BlackElo "2145"]
[PlyCount "70"]
[EventDate "2004.09.03"]

1. e4 c5 2. c3 e6 3. d4 d5 4. exd5 exd5 5. Nf3 Nc6 6. Bd3 c4 7. Bc2 Bg4 8. O-O
Nf6 9. Bg5 Be7 10. Nbd2 O-O 11. Re1 Re8 12. Bxf6 Bxf6 13. b4 Qd7 14. Rxe8+ Rxe8
15. Qf1 Bf5 16. Bxf5 Qxf5 17. Re1 Re6 18. Rxe6 fxe6 19. Qe1 Kf7 20. b5 Ne7 21.
Nf1 Ng6 22. Ne3 Qd3 23. g3 e5 24. Qd2 Qxd2 25. Nxd2 exd4 26. cxd4 Ke6 27. Nf3
Ne7 28. Kf1 Nf5 29. Nc2 Nd6 30. a4 Ne4 31. a5 b6 32. a6 Nc3 33. Nb4 Nxb5 34.
Nc6 Kd6 35. Nfe5 Bxe5 0-1

[Event "VI Open"]
[Site "Crema ITA"]
[Date "2004.09.03"]
[Round "2"]
[White "Sartorio, Diego"]
[Black "Braghetta, Sergio"]
[Result "0-1"]
[WhiteElo "1959"]
[BlackElo "2289"]
[PlyCount "68"]
[EventDate "2004.09.03"]

1. e4 e6 2. d4 d5 3. Nd2 Nf6 4. e5 Nfd7 5. Bd3 c5 6. c3 b6 7. Ne2 Ba6 8. Bxa6
Nxa6 9. O-O Nc7 10. Nf3 Be7 11. Be3 O-O 12. Qd2 f6 13. exf6 Bxf6 14. Bg5 Bxg5
15. Nxg5 e5 16. dxe5 Nxe5 17. f4 Nf7 18. Nf3 Qf6 19. Rad1 Rad8 20. Qc1 Ne6 21.
Qe3 Rfe8 22. Qf2 Nxf4 23. Nxf4 Qxf4 24. Rfe1 Rxe1+ 25. Qxe1 Qf6 26. Rxd5 Kf8
27. Qd2 Re8 28. Rd7 a5 29. Rd5 h6 30. h3 Qg6 31. Qd3 Qg3 32. Qf5 Kg8 33. Rd7
Ng5 34. Qd5+ Kh8 0-1

[Event "VI Open"]
[Site "Crema ITA"]
[Date "2004.09.03"]
[Round "2"]
[White "Vetturi, Pietro"]
[Black "Pampaluna, Enrico"]
[Result "1-0"]
[WhiteElo "1691"]
[BlackElo "1440"]
[PlyCount "68"]
[EventDate "2004.09.03"]

1. d4 d6 2. c4 g6 3. Nc3 Nf6 4. e4 Bg7 5. Nf3 O-O 6. Be2 h6 7. h3 c5 8. d5 e6
9. Be3 b6 10. Qd2 exd5 11. cxd5 Re8 12. Bxh6 Bh8 13. Bg5 Qc7 14. Bxf6 Bxf6 15.
Bd3 Nd7 16. O-O Kg7 17. Rac1 Rh8 18. b4 Ne5 19. Nxe5 Bxe5 20. Nb5 Qd7 21. f4
Bf6 22. Rf3 Qe7 23. Re1 Rh5 24. g4 Rh4 25. g5 Bd4+ 26. Nxd4 cxd4 27. Qf2 Rxh3
28. Qxd4+ f6 29. Rxh3 Bxh3 30. Re2 Kf7 31. Rh2 Rh8 32. Bf1 Qd7 33. Qxf6+ Ke8
34. Qxh8+ Ke7 1-0

[Event "VI Open"]
[Site "Crema ITA"]
[Date "2004.09.04"]
[Round "3"]
[White "Acunzo, Domenico"]
[Black "Bonugli, Carlo"]
[Result "0-1"]
[WhiteElo "1732"]
[BlackElo "2046"]
[PlyCount "50"]
[EventDate "2004.09.03"]

1. e4 e6 2. d4 d5 3. Nc3 Nf6 4. Bg5 dxe4 5. Nxe4 Be7 6. Bxf6 Bxf6 7. Nf3 O-O 8.
c3 b6 9. Qc2 Bb7 10. O-O-O Nd7 11. Bd3 Qe7 12. h4 c5 13. dxc5 bxc5 14. Bb5 Nb6
15. g4 Qc7 16. Nxf6+ gxf6 17. Rh3 c4 18. b3 a6 19. Ba4 Nxa4 20. bxa4 Rab8 21.
Nd2 Qf4 22. f3 Rfd8 23. Rf1 Rd3 24. Rf2 Qe3 25. Rf1 Rxc3 0-1

[Event "VI Open"]
[Site "Crema ITA"]
[Date "2004.09.04"]
[Round "3"]
[White "Agnelli, Francesco"]
[Black "Cocozza, Mario"]
[Result "0-1"]
[WhiteElo "2097"]
[BlackElo "2338"]
[PlyCount "46"]
[EventDate "2004.09.03"]

1. e4 c6 2. d4 d5 3. Nc3 dxe4 4. Nxe4 Nd7 5. Ng5 Ngf6 6. Bd3 e6 7. N1f3 Bd6 8.
Qe2 h6 9. Ne4 Nxe4 10. Qxe4 Qc7 11. Qg4 Kf8 12. O-O c5 13. b3 b6 14. dxc5 Qxc5
15. Bb2 Nf6 16. Qh4 Bb7 17. Bd4 Qa5 18. Rfe1 Bxf3 19. Bxf6 gxf6 20. Qxf6 Bxh2+
21. Kxh2 Qh5+ 22. Kg1 Rg8 23. Bf1 Qh3 0-1

[Event "VI Open"]
[Site "Crema ITA"]
[Date "2004.09.04"]
[Round "3"]
[White "Bignami, Venanzio"]
[Black "Pezzotta, Gianni"]
[Result "1/2-1/2"]
[WhiteElo "1532"]
[BlackElo "1438"]
[PlyCount "117"]
[EventDate "2004.09.03"]

1. e4 c5 2. f4 e6 3. Nf3 Nc6 4. Nc3 a6 5. d3 b5 6. Be3 Qc7 7. Qd2 Bb7 8. Be2 d6
9. Nd1 Be7 10. Nf2 Nf6 11. g4 d5 12. c3 O-O-O 13. e5 d4 14. exf6 dxe3 15. Qxe3
gxf6 16. Rg1 Bd6 17. Nh3 h6 18. O-O-O Rdg8 19. Nd2 Nd4 20. Rdf1 Nxe2+ 21. Qxe2
Re8 22. Ne4 Be7 23. f5 e5 24. Nhf2 Bd5 25. b3 Bb7 26. Rg3 Rd8 27. Rh3 Bc6 28.
Qe3 Bxe4 29. Nxe4 Qc6 30. Rd1 Rdg8 31. Rh4 a5 32. h3 Bf8 33. c4 b4 34. Kb2 Kc7
35. Ra1 Kb6 36. a3 h5 37. axb4 axb4 38. Ra4 Kb7 39. Ra5 hxg4 40. Rxh8 Rxh8 41.
Rb5+ Kc7 42. hxg4 Rh2+ 43. Kb1 Rh1+ 44. Kc2 Rh2+ 45. Kd1 Rh1+ 46. Ke2 Rb1 47.
Kd2 Rxb3 48. Kc2 Ra3 49. Qg1 Ra2+ 50. Kb3 Ra3+ 51. Kb2 Rxd3 52. Nxc5 Rd2+ 53.
Kc1 Ra2 54. Kb1 Qa8 55. Ne6+ fxe6 56. Qb6+ Kc8 57. Qxe6+ Kc7 58. Qf7+ Kc6 59.
Qd5+ 1/2-1/2

[Event "VI Open"]
[Site "Crema ITA"]
[Date "2004.09.04"]
[Round "3"]
[White "Bonazzi, Edoardo"]
[Black "Santandrea, Marco"]
[Result "1/2-1/2"]
[WhiteElo "2115"]
[BlackElo "1775"]
[PlyCount "21"]
[EventDate "2004.09.03"]

1. c4 f5 2. Nc3 Nf6 3. g3 g6 4. Bg2 Bg7 5. d3 d6 6. e4 fxe4 7. dxe4 e5 8. Nge2
O-O 9. O-O Be6 10. b3 Nc6 11. f3 1/2-1/2

[Event "VI Open"]
[Site "Crema ITA"]
[Date "2004.09.04"]
[Round "3"]
[White "Boninsegna, Ferdinando"]
[Black "Bozuffi, Italo"]
[Result "1-0"]
[WhiteElo "1571"]
[BlackElo "1739"]
[PlyCount "97"]
[EventDate "2004.09.03"]

1. e4 Nc6 2. Nc3 e5 3. f4 d6 4. Nf3 Bg4 5. Bc4 Bxf3 6. Qxf3 Nd4 7. Qd1 exf4 8.
O-O f3 9. Nb5 Ne2+ 10. Bxe2 fxe2 11. Qxe2 Qd7 12. d4 a6 13. Nc3 O-O-O 14. Qf3
f6 15. Nd5 Ne7 16. c4 Nxd5 17. cxd5 Be7 18. Bd2 h5 19. Rfc1 Kb8 20. Rc4 Rc8 21.
Rac1 Bd8 22. Qb3 Ka8 23. Ba5 c6 24. Bxd8 Rhxd8 25. dxc6 Rxc6 26. Rxc6 bxc6 27.
Qb6 c5 28. dxc5 dxc5 29. Qxa6+ Kb8 30. Qb6+ Ka8 31. Qxc5 Qd2 32. Qc2 Qe3+ 33.
Kh1 Qd4 34. h3 Rb8 35. b3 Rb7 36. a4 Qe3 37. Rb1 Kb8 38. b4 Rc7 39. Qb3 Qxe4
40. b5 Rc2 41. Qg8+ Rc8 42. Qb3 Rc2 43. Rg1 Rc4 44. a5 Rd4 45. Qg8+ Kc7 46.
Qxg7+ Kc8 47. Rc1+ Rc4 48. Qg8+ Kd7 49. Qxc4 1-0

[Event "VI Open"]
[Site "Crema ITA"]
[Date "2004.09.04"]
[Round "3"]
[White "Borboni, Paolo"]
[Black "Sartorio, Diego"]
[Result "1/2-1/2"]
[WhiteElo "1705"]
[BlackElo "1959"]
[PlyCount "33"]
[EventDate "2004.09.03"]

1. e4 e6 2. d4 d5 3. exd5 exd5 4. Nf3 Bd6 5. Be3 Bf5 6. Bd3 Ne7 7. c3 Qd7 8.
O-O O-O 9. Bxf5 Nxf5 10. Re1 Nxe3 11. Rxe3 Bf4 12. Re1 Nc6 13. Nbd2 Rfe8 14.
Qc2 Rxe1+ 15. Rxe1 Re8 16. Rxe8+ Qxe8 17. Nb3 1/2-1/2

[Event "VI Open"]
[Site "Crema ITA"]
[Date "2004.09.04"]
[Round "3"]
[White "Braghetta, Sergio"]
[Black "Martino, Antonio M."]
[Result "1-0"]
[WhiteElo "2289"]
[BlackElo "2101"]
[PlyCount "31"]
[EventDate "2004.09.03"]

1. e4 a6 2. d4 b5 3. Nf3 Bb7 4. Bd3 e6 5. Nbd2 Nf6 6. Qe2 Be7 7. a4 b4 8. O-O
d5 9. e5 Nfd7 10. Nb3 c5 11. dxc5 Nxc5 12. Nxc5 Bxc5 13. Ng5 h6 14. Qh5 Qe7 15.
Nxf7 O-O 16. Qg6 1-0

[Event "VI Open"]
[Site "Crema ITA"]
[Date "2004.09.04"]
[Round "3"]
[White "Calisi, Elia"]
[Black "Carini, Luca"]
[Result "1/2-1/2"]
[WhiteElo "1802"]
[BlackElo "1625"]
[PlyCount "65"]
[EventDate "2004.09.03"]

1. c4 Nf6 2. Nc3 g6 3. d3 d5 4. e3 Bg7 5. Nf3 O-O 6. Be2 c5 7. cxd5 Nxd5 8.
Nxd5 Qxd5 9. O-O Nc6 10. a3 b6 11. Qc2 Be6 12. Qa4 Na5 13. Nd2 Rac8 14. Nc4 Bd7
15. Qc2 Nxc4 16. dxc4 Qb7 17. Bf3 Bc6 18. Bxc6 Rxc6 19. Rd1 Qc7 20. Bd2 Rd8 21.
Bc3 Rcd6 22. Bxg7 Kxg7 23. Rxd6 Qxd6 24. g3 Qd2 25. Rc1 e5 26. b4 Qxc2 27. Rxc2
Rd3 28. bxc5 bxc5 29. Rb2 Rc3 30. Rb7 Rxc4 31. Rxa7 Rc3 32. Rc7 Rxa3 33. Rxc5
1/2-1/2

[Event "VI Open"]
[Site "Crema ITA"]
[Date "2004.09.04"]
[Round "3"]
[White "Cammarota, Vittorio"]
[Black "Faraoni, Enrico"]
[Result "0-1"]
[WhiteElo "1625"]
[BlackElo "2178"]
[PlyCount "66"]
[EventDate "2004.09.03"]

1. Nf3 g6 2. d4 Nf6 3. Bf4 Bg7 4. e3 d6 5. h3 O-O 6. Be2 b6 7. Nbd2 Bb7 8. c3
Nbd7 9. Bh2 e5 10. dxe5 dxe5 11. O-O Qe7 12. a4 e4 13. Nd4 Ne5 14. b4 c5 15.
bxc5 bxc5 16. Bxe5 Qxe5 17. Nc4 Qe7 18. Nb5 Nd5 19. Qc2 a6 20. Nbd6 Nxc3 21.
Rac1 Rfd8 22. Nxb7 Qxb7 23. f3 Rab8 24. fxe4 Nxe2+ 25. Qxe2 Qxe4 26. Rf4 Qe6
27. Rcf1 Rb4 28. a5 Bd4 29. Rxf7 Rxc4 30. Re7 Rc2 31. Rxe6 Rxe2 32. exd4 Rxe6
33. dxc5 Rc6 0-1